Africa and the Indian Ocean world from early times to circa 1900 / (Record no. 3297)
[ view plain ]
| 000 -LEADER | |
|---|---|
| fixed length control field | 03564nam a22004578i 4500 |
| 006 - FIXED-LENGTH DATA ELEMENTS--ADDITIONAL MATERIAL CHARACTERISTICS--GENERAL INFORMATION | |
| fixed length control field | m|||||o||d|||||||| |
| 007 - PHYSICAL DESCRIPTION FIXED FIELD--GENERAL INFORMATION | |
| fixed length control field | cr|||||||||||| |
| 008 - FIXED-LENGTH DATA ELEMENTS--GENERAL INFORMATION | |
| fixed length control field | 110221s2019||||enk o ||1 0|eng|d |
| 020 ## - INTERNATIONAL STANDARD BOOK NUMBER | |
| International Standard Book Number | 9781139028769 (ebook) |
| 040 ## - CATALOGING SOURCE | |
| Original cataloging agency | IMU Kochi Library |
| Language of cataloging | eng |
| 041 0# - LANGUAGE CODE | |
| Language code of text/sound track or separate title | eng |
| 082 00 - DEWEY DECIMAL CLASSIFICATION NUMBER | |
| Classification number | 337.60165 |
| Edition number | 23 |
| 100 1# - MAIN ENTRY--PERSONAL NAME | |
| Personal name | Campbell, Gwyn, |
| Dates associated with a name | 1952- |
| 245 10 - TITLE STATEMENT | |
| Title | Africa and the Indian Ocean world from early times to circa 1900 / |
| 300 ## - PHYSICAL DESCRIPTION | |
| Extent | 1 online resource (xv, 305 pages) : |
| Other physical details | digital, PDF file(s). |
| 490 1# - SERIES STATEMENT | |
| Series statement | New approaches to African history |
| 500 ## - GENERAL NOTE | |
| General note | Title from publisher's bibliographic system (viewed on 26 Jul 2019). |
| 505 0# - FORMATTED CONTENTS NOTE | |
| Formatted contents note | Introduction -- Africa in the making of an IOW global economy -- Indian Ocean Africa in the first great upswing in the Indian Ocean World global economy, 300 BCE to 300 CE -- Economic instability, ca. 300 to 900 CE -- The second great boom in the IOW global economy ca. 850 to 1250 and its impact in northern IOA -- Southern IOA and the second upsurge in the IOW global economy -- Uncertainties and European intrusion: the IOW global economy, 1300 to 1830 -- The European impact in Indian Ocean Africa, 1500 to 1830 -- The international economy and Indian Ocean Africa -- Indigenous modernisation in Indian Ocean Africa: Egypt, Imerina, and Ethiopia -- The scramble for Indian Ocean Africa -- Africa and slavery in the Indian Ocean World. |
| 520 ## - SUMMARY, ETC. | |
| Summary, etc | The history of Africa's historical relationship with the rest of the Indian Ocean world is one of a vibrant exchange that included commodities, people, flora and fauna, ideas, technologies and disease. This connection with the rest of the Indian Ocean world, a macro-region running from Eastern Africa, through the Middle East, South and Southeast Asia to East Asia, was also one heavily influenced by environmental factors. In presenting this rich and varied history, Gwyn Campbell argues that human-environment interaction, more than great men, state formation, or imperial expansion, was the central dynamic in the history of the Indian Ocean world (IOW). Environmental factors, notably the monsoon system of winds and currents, helped lay the basis for the emergence of a sophisticated and durable IOW 'global economy' around 1,500 years before the so-called European 'Voyages of Discovery'. Through his focus on human-environment interaction as the dynamic factor underpinning historical developments, Campbell radically challenges Eurocentric paradigms, and lays the foundations for a new interpretation of IOW history. |
| 651 #0 - SUBJECT ADDED ENTRY--GEOGRAPHIC NAME | |
| Geographic name | Indian Coast (Africa) |
| General subdivision | Foreign economic relations |
| Geographic subdivision | Indian Ocean Region. |
| 651 #0 - SUBJECT ADDED ENTRY--GEOGRAPHIC NAME | |
| Geographic name | Indian Ocean Region |
| General subdivision | Foreign economic relations |
| Geographic subdivision | Indian Coast (Africa) |
| 651 #0 - SUBJECT ADDED ENTRY--GEOGRAPHIC NAME | |
| Geographic name | Indian Coast (Africa) |
| General subdivision | Economic conditions |
| -- | History. |
| 651 #0 - SUBJECT ADDED ENTRY--GEOGRAPHIC NAME | |
| Geographic name | Indian Ocean Region |
| General subdivision | Economic conditions |
| -- | History. |
| 650 #0 - SUBJECT ADDED ENTRY--TOPICAL TERM | |
| Topical term or geographic name as entry element | Human beings |
| General subdivision | Effect of environment on |
| Geographic subdivision | Indian Ocean Region |
| General subdivision | History. |
| 650 #0 - SUBJECT ADDED ENTRY--TOPICAL TERM | |
| Topical term or geographic name as entry element | Human beings |
| General subdivision | Effect of climate on |
| Geographic subdivision | Indian Ocean Region |
| General subdivision | History. |
| 650 #0 - SUBJECT ADDED ENTRY--TOPICAL TERM | |
| Topical term or geographic name as entry element | Human ecology |
| Geographic subdivision | Indian Ocean Region. |
| 650 #0 - SUBJECT ADDED ENTRY--TOPICAL TERM | |
| Topical term or geographic name as entry element | Trade routes |
| Geographic subdivision | Indian Ocean Region. |
| 830 #0 - SERIES ADDED ENTRY--UNIFORM TITLE | |
| Uniform title | New approaches to African history. |
| 852 ## - LOCATION/CALL NUMBER | |
| Location | IMU Kochi Library |
| 856 40 - ELECTRONIC LOCATION AND ACCESS | |
| Uniform Resource Identifier | <a href="https://doi.org/10.1017/9781139028769">https://doi.org/10.1017/9781139028769</a> |
| 904 ## - LOCAL DATA ELEMENT D, LDD (RLIN) | |
| CATALOGER | Rudra Ranjan |
| 905 ## - LOCAL DATA ELEMENT E, LDE (RLIN) | |
| VERIFIER | Rudra Ranjan |
| 942 ## - ADDED ENTRY ELEMENTS (KOHA) | |
| Item type | E-Book |
| 264 #1 - | |
| -- | Cambridge : |
| -- | Cambridge University Press, |
| -- | 2019. |
| 338 ## - | |
| -- | online resource |
No items available.